000 00647nam a22002057a 4500
001 BD-DhSAU 862
003 BD-DhSAU
005 20150107023056.0
008 150107b1973 bg a|||| |||| 00| 0deng d
040 _aBD-DhSAU
082 _222
_a380.1095492
_bRAD
100 _aMahmudur Rahman, Khandkar
245 _aDevelopment of agricultural marketing in Bangladesh /
_cKhandkar Mahmudur Rahman
260 _aComilla, Bangladesh :
_bBangladesh academy for rural development ;
300 _aiii, 135 p. :
_bill. ;
_c22 cm.
504 _aIncludes bibliography.
590 _aJerin
650 _aEconomics
650 _aAgricultural marketing
_zBangladesh
942 _2ddc
_cBOOK
999 _c862
_d862